000 00347 a2200169 4500
001 180488
020 _a85-7232-674-X
040 _cMagnum
100 _aAlencar, José de
240 1 0 _aO Sertanejo
_lpor
245 1 0 _aO Sertanejo
300 _a310
362 0 _a2007
440 1 _aMartin Claret
697 _aLITERATURA GERAL
942 _cBK
999 _c180488
_d180488